Teoría de la lengua e historia de la ling̀uistica. (Record no. 72310)

MARC details
000 -LEADER
campo de control de longitud fija 00805cam a22002651 4500
001 - NÚMERO DE CONTROL
campo de control 31729
005 - FECHA Y HORA DE LA ÚLTIMA TRANSACCIÓN
campo de control 20230410124150.0
008 - DATOS DE LONGITUD FIJA--INFORMACIÓN GENERAL
campo de control de longitud fija 721020s1967 xx 000 0 spa
035 ## - NÚMERO DE CONTROL DEL SISTEMA
-- (DLC) 68130752
035 ## - NÚMERO DE CONTROL DEL SISTEMA
Número de control de sistema 10371710
010 ## - NÚMERO DE CONTROL DE LA BIBLIOTECA DEL CONGRESO
Número de control de LC 68130752
035 ## - NÚMERO DE CONTROL DEL SISTEMA
Número de control de sistema (OCoLC)475633
040 ## - FUENTE DE CATALOGACIÓN
Centro catalogador/agencia de origen DLC
Centro/agencia transcriptor OAU
Centro/agencia modificador OCoLC
-- CNE
-- DLC
050 14 - SIGNATURA TOPOGRÁFICA DE LA BIBLIOTECA DEL CONGRESO
Número de clasificación P 201
Número de ítem L792t 1967
100 2# - ENTRADA PRINCIPAL--NOMBRE DE PERSONA
Nombre de persona Llorente Maldonado de Guevara, Antonio,
Fechas asociadas al nombre 1922-
245 10 - MENCIÓN DEL TÍTULO
Título Teoría de la lengua e historia de la ling̀uistica.
260 ## - PUBLICACIÓN, DISTRIBUCIÓN, ETC.
Lugar de publicación, distribución, etc. Madrid,
Nombre del editor, distribuidor, etc. Ediciones Alcalá
Fecha de publicación, distribución, etc. 1967
300 ## - DESCRIPCIÓN FÍSICA
Extensión 484 p.
Dimensiones 24 cm.
490 0# - MENCIÓN DE SERIE
Mención de serie Colección Romania. Serie ling̀uistica
504 ## - NOTA DE BIBLIOGRAFÍA, ETC.
Nota de bibliografía, etc. Bibliography: p. [467]-484.
650 #0 - PUNTO DE ACCESO ADICIONAL DE MATERIA--TÉRMINO DE MATERIA
Término de materia o nombre geográfico como elemento de entrada Grammar, Comparative and general.
650 #0 - PUNTO DE ACCESO ADICIONAL DE MATERIA--TÉRMINO DE MATERIA
Término de materia o nombre geográfico como elemento de entrada Linguistics
Subdivisión general History.
942 ## - ELEMENTOS DE ENTRADA SECUNDARIOS (KOHA)
Fuente del sistema de clasificación o colocación Clasificación de Library of Congress
Tipo de ítem Koha
985 ## -
-- OCLC REPLACEMENT
Holdings
Estatus retirado Estado de pérdida Fuente del sistema de clasificación o colocación Estado de daño No para préstamo Colección Biblioteca de origen Biblioteca actual Ubicación en estantería Fecha de adquisición Serial enumeration / chronology Signatura topográfica completa Código de barras Visto por última vez Copia número Tipo de ítem Koha
    Clasificación de Library of Congress     Humanidades Biblioteca Juan Bosch Biblioteca Juan Bosch Humanidades (4to. Piso) 10/04/2023 1 P 201 L792t 1967 00000031651 25/10/2018 1